Normal view
MARC view
Entry Personal Name
001 - CONTROL NUMBER
- control field: 77922
003 - CONTROL NUMBER IDENTIFIER
- control field: dpl
005 - DATE AND TIME OF LATEST TRANSACTION
- control field: 20250218162928.0
008 - FIXED-LENGTH DATA ELEMENTS
- fixed length control field: 250218|| aca||aabn | a|a d
040 ## - CATALOGING SOURCE
- Original cataloging agency: dpl
- Transcribing agency: dpl
100 ## - HEADING--PERSONAL NAME
- Personal name: upadhyay, Avanindra
670 ## - SOURCE DATA FOUND
- Source citation: Work cat.: (dpl)209288: Jaiswal, jainesh 77921, Arihant NDA / NA Sectionwise-chapterwise solved papers-2024-201, 2024
